banner-ar

القوس العذراء / (Record no. 37803)

MARC details
000 -الفاتح
حقل البيانات ثابتة الطول 00397nam a2200145Ia 4500
008 - عناصر البيانات ثابتة الطول - معلومات عامة
حقل البيانات ثابتة الطول 140319s9999 xx 000 0 ara d
040 ## - مصدر الفهرسة
وكالة الفهرسة الأصلية GCL /
وكالة النسخ GCL
082 04 - رقم تصنيف ديوى العشرى
رقم التصنيف 811.2
رقم المادة ش ق
100 1# - المدخل الرئيسى - إسم شخصى
الإسم الشخصى محمود محمد شاكر
245 10 - بيان العنوان
العنوان القوس العذراء /
بيان المسئوليه,etc محمود محمد شاكر
700 1# - المدخل الاضافى - اسم شخصى
الإسم الشخصى الشماخ, الشماخ بن ضرار
300 ## - الوصف المادى
التعداد 76 ص
490 ## - بيان السلسلة
عنوان السلسلة
Holdings
حالة التراجع حالة الفقد حالة تلف ليس للاعارة المكان المؤقت الموقع الحالى تاريخ الاكتساب اجمالي اﻻعارات رقم الطلب الباركود تاريخ اخر مشاهدة تاريخ تفعيل السعر نوع وعاء كوها
        مكتبة القاهرة الكبرى مكتبة القاهرة الكبرى 03/26/2014   811.2\ش ق 92287 03/26/2014 03/26/2014 كتاب
        مكتبة القاهرة الكبرى مكتبة القاهرة الكبرى 03/26/2014   811.2\ش ق 92288 03/26/2014 03/26/2014 كتاب

Powered By

EGPV